000 00534nam a2200169Ia 4500
008 110201s9999 xx 000 0 und d
082 _bB3837
_aK 1606
100 _aपद्की मंगेश
245 _aजिवलग मज कैचे
260 _bमेनका प्रकाशन
365 _b15
600 _aपद्की मंगेश
630 _aजिवलग मज कैचे
700 _aपद्की मंगेश
730 _aजिवलग मज कैचे
942 _cBOOK
999 _c830381
_d830378